Historical Rulers #3 - Statistics

General Stats
  • This quiz has been taken 58 times
  • The average score is 13 of 22
Answer Stats
Answer % Correct
Nazi Germany
100%
France
93%
Roman Empire
93%
North Sea Empire
90%
England
86%
Soviet Union
86%
United States
86%
Byzantine Empire
79%
Denmark
76%
Persian Empire
71%
Netherlands
69%
Hawaii
57%
Egypt
48%
Mughal Empire
43%
Akkadian Empire
38%
Timurid Empire
38%
Assyrian Empire
26%
Rashidun Caliphate
21%
Venice
21%
Abbasid Caliphate
19%
Kushite Kingdom
14%
Papal States
10%
No matching quizzes found
Score Distribution
Percent of People with Each Score
Percentile by Number Answered
Your Score History
You have not taken this quiz